Statistics for East anglian teams above non league

Click here to take the quiz!

General Stats

  • This quiz has been taken 17 times
  • The average score is 4 of 6

Answer Stats

HintAnswer% Correct
League 1Ipswich
100%
Premier leagueNorwich
100%
League 2Cambridge
69%
League 2Colchester
56%
League 1Southend
56%
ChampionshipLuton
31%

Score Distribution

Percentile by Number Answered

Percent of People with Each Score

Your Score History

You have not taken this quiz